|
|
|
|
| LEADER |
01017naa a2200205 i 4500 |
| 001 |
publ7494 |
| 005 |
20190619173817.0 |
| 008 |
170314s2016 hu o 1|| angol d |
| 024 |
7 |
|
|a 3075998
|2 mtmt
|
| 040 |
|
|
|a SZTE Publicatio Repozitórium
|b hun
|
| 041 |
|
|
|a angol
|
| 100 |
1 |
|
|a Vidács Anita
|
| 245 |
1 |
0 |
|a Anti-adhesion effect of essential oils
|h [elektronikus dokumentum] /
|c Vidács Anita
|
| 260 |
|
|
|a University of Szeged Faculty of Engineering
|b Szeged
|c 2016
|
| 300 |
|
|
|a Terjedelem: 5 p.-Azonosító: Vidacs_anti adhesion essential oils
|
| 490 |
0 |
|
|a International Conference on Science and Technique Based on Applied and Fundamental Research (ICoSTAF'16): Proceedings.
|
| 700 |
0 |
1 |
|a Vágvölgyi Csaba
|e aut
|
| 700 |
0 |
1 |
|a Krisch Judit
|e aut
|
| 711 |
|
|
|a International Conference on Science and Technique Based on Applied and Fundamental Research (ICoSTAF'16)
|c Szeged, Magyarország
|d 2016. június 2.
|
| 856 |
4 |
0 |
|u http://publicatio.bibl.u-szeged.hu/7494/1/Vidacs_anti%20adhesion%20essential%20oils.pdf
|z Dokumentum-elérés
|